Statistics for Subtract a Letter - Make a Country

Click here to take the quiz!

General Stats

  • This quiz has been taken 876 times
  • The average score is 10 of 20

Answer Stats

WordLetterCountry% Correct
ClicheCChile
94%
FurnaceUFrance
81%
TahiniNHaiti
70%
YankedDKenya
70%
AromasRSamoa
68%
EnzymeZYemen
67%
AdjournUJordan
65%
AlpineINepal
64%
UnsaidISudan
60%
MandrakeADenmark
50%
SurfableFBelarus
45%
AuburnBNauru
45%
MigraineMNigeria
44%
TurbineTBrunei
38%
RaincoatNCroatia
33%
MacaroniCRomania
31%
EclairsCIsrael
30%
DrainageIGrenada
28%
ToenailsLEstonia
24%
AeroductTEcuador
17%

Score Distribution

Percentile by Number Answered

Percent of People with Each Score

Your Score History

You have not taken this quiz